[Event "IV Zicosur Open 2019"]
[Site "Antofagasta"]
[Date "2019.01.05"]
[Round "2"]
[White "Alvarez Vargas, German"]
[Black "Pichot, Alan"]
[Result "0-1"]
[WhiteElo "2009"]
[BlackElo "2581"]
[Annotator "ChessBase"]
[PlyCount "64"]
[EventDate "2019.01.05"]
[EventType "swiss"]
[EventCountry "CHI"]
[SourceTitle "playchess.com"]
[Source "ChessBase"]
[SourceQuality "1"]
[TimeControl "5400+30"]

1. Nf3 {[%emt 0:00:00]} c5 {[%emt 0:00:06]} 2. e3 {[%emt 0:02:02]} g6 {[%emt 0:02:10]} 3. c4 {[%emt 0:03:08]} Bg7 {[%emt 0:01:26]} 4. Nc3 {[%emt 0:02:11]} Nf6 {[%emt 0:00:24]} 5. g3 {[%emt 0:00:25]} d5 {[%emt 0:03:48]} 6. Bg2 {[%emt 0:04:13]} d4 {[%emt 0:01:05]} 7. exd4 {[%emt 0:07:45]} cxd4 {[%emt 0:00:14]} 8. Ne2 {[%emt 0:00:10]} Nc6 {[%emt 0:00:55]} 9. d3 {[%emt 0:00:29]} O-O {[%emt 0:00:34]} 10. O-O {[%emt 0:02:12]} Nd7 {[%emt 0:02:24]} 11. Ne1 {[%emt 0:09:39]} Nc5 {[%emt 0:01:12]} 12. b3 {[%emt 0:04:05]} Bf5 {[%emt 0:03:00]} 13. Ba3 {[%emt 0:09:53]} Qa5 {[%emt 0:01:00]} 14. Bxc5 {[%emt 0:00:10]} Qxc5 {[%emt 0:00:06]} 15. a3 {[%emt 0:02:28]} a5 {[%emt 0:01:50]} 16. Nf3 {[%emt 0:01:42]} b5 {[%emt 0:04:03]} 17. Nh4 {[%emt 0:11:15]} Bd7 {[%emt 0:01:50]} 18. Rc1 {[%emt 0:09:09]} Rfc8 {[%emt 0:02:05]} 19. Ra1 {[%emt 0:13:52]} bxc4 {[%emt 0:02:13]} 20. bxc4 {[%emt 0:00:21]} Rab8 {[%emt 0:00:46]} 21. Qc2 {[%emt 0:01:15]} Qh5 {[%emt 0:11:16]} 22. Nf3 {[%emt 0:04:55]} g5 {[%emt 0:01:09]} 23. h3 {[%emt 0:03:03]} Qg6 {[%emt 0:04:20]} 24. Nd2 {[%emt 0:02:03]} Qh6 {[%emt 0:04:11]} 25. Ne4 {[%emt 0:03:47]} Ne5 {[%emt 0:04:28]} 26. Qd2 {[%emt 0:01:43]} Bxh3 {[%emt 0:01:21]} 27. Qxg5 {[%emt 0:00:25]} Qxg5 {[%emt 0:00:31]} 28. Nxg5 {[%emt 0:00:02]} Bxg2 {[%emt 0:00:23]} 29. Kxg2 {[%emt 0:00:08]} Nxd3 {[%emt 0:00:09]} 30. Rad1 {[%emt 0:01:10]} Nb2 {[%emt 0:01:03]} 31. Rc1 {[%emt 0:01:19]} d3 {[%emt 0:00:21]} 32. Nf4 {[%emt 0:00:27]} d2 {[%emt 0:00:14]} 0-1

[Event "IV Zicosur Open 2019"]
[Site "Antofagasta"]
[Date "2019.01.07"]
[Round "3"]
[White "Granda Zuniga, Julio E"]
[Black "Henriquez Villagra, Cristobal"]
[Result "0-1"]
[WhiteElo "2641"]
[BlackElo "2488"]
[Annotator "TA"]
[PlyCount "90"]
[EventDate "2019.01.05"]
[EventType "swiss"]
[EventCountry "CHI"]
[SourceTitle "playchess.com"]
[Source "ChessBase"]
[SourceQuality "1"]

{[%evp 15,89,15,12,20,29,22,26,12,22,22,21,25,17,18,27,18,24,21,38,14,26,16,16,20,38,21,27,17,27,21,23,21,25,16,30,8,17,19,47,27,29,31,32,24,69,72,44,42,54,0,0,0,-4,-21,0,-311,-343,-334,-163,-296,-95,-45,-48,-533,-525,-522,-138,-166,-162,-992,-867,-29991,-29992,-29998,-29999,-29999]} 1. c4 e6 2. Nc3 d5 3. cxd5 exd5 4. d4 c6 5. Bf4 Bd6 6. Bxd6 Qxd6 7. e3 Bf5 8. g4 {D31: Queen's Gambit Declined: Semi-Slav without ...Nf6 (+ Marshall Gambit and Noteboom) and Exchange Variation lines without ...Nf6} (8. Nf3 Nf6 9. Nh4 Bg6 10. Qb3 b5 11. Rc1 O-O 12. Be2 Nbd7 13. O-O Rfc8 14. Nxg6 hxg6 15. Rfd1 Nf8 16. Rd2 Ne6 17. Qd1 Rc7 18. Rdc2 Rac8 19. Bg4 Nxg4 20. Qxg4 g5 21. Qf5 Qe7 22. h3 g6 23. Qe5 {½-½ (23) Weber,J (2569)-Lafarga Santorroman,D (2659) ICCF email 2012}) 8... Bg6 {LiveBook: 3 Games} 9. Nge2 $146 ({Predecessor:} 9. h4 h5 10. g5 Ne7 11. Nh3 Nd7 12. Nf4 O-O-O 13. Be2 Kb8 14. Qb3 Nf8 15. O-O-O Ne6 16. Nxg6 fxg6 {0-1 (27) Geivondian,A (2399)-Geller,J (2488) Moscow 2016}) 9... Nf6 10. f3 {White has an edge.} Nbd7 11. Nf4 O-O-O 12. Qd2 Nf8 13. h4 {Threatens to win with h5.} h6 14. O-O-O Kb8 15. Nxg6 Nxg6 16. Bd3 Nf8 17. Bc2 Ne6 18. Kb1 Rhe8 19. Qf2 Ka8 20. Rhe1 Re7 21. Qg1 g6 {[%cal Bg7g6,Bg6g5][%mdl 32]} 22. Bb3 Ne8 23. e4 N8c7 24. e5 Qb4 25. Qe3 g5 26. Ne2 Red7 27. Bc2 c5 28. Bf5 b6 29. f4 {[%cal Rf4g5]} gxf4 30. Nxf4 cxd4 31. Qc1 Kb7 32. Nh5 ({White should try} 32. Rf1 $14) 32... Nb5 $11 {White must now prevent ...Nc3+.} 33. Ka1 Rc7 34. Qxh6 Rdc8 {aiming for ...d3!} 35. Rc1 $2 {[%mdl 8192] [#]} ({Reject} 35. Bxe6 fxe6 36. Qxe6 Qc4 $19) (35. Nf4 $1 $11 Nc3 36. Nd3 (36. bxc3 Qxc3+ 37. Kb1 Rc5 $11) (36. Nxe6 Nxd1 37. Rxd1 fxe6 $11)) 35... d3 $1 $19 {[%mdl 512]} 36. Bxd3 {[#]} Nbd4 (36... Nf4 $142 $1 {[%mdl 512]} 37. Qxf4 (37. Nxf4 Rxc1+) 37... Rxc1+ 38. Rxc1 Qxf4 39. Nxf4 Rxc1+ 40. Bb1 Nd4) 37. Kb1 {[#]} Nc5 $2 $40 {[%mdl 128] Black wants a kill.} (37... Rc2 $1 $19 {[%mdl 512] has better winning chances.} 38. Bxc2 (38. Rxc2 Rxc2) 38... Rxc2 39. Rxc2 Qxe1+ {[%mdl 64] Double Attack} 40. Rc1 Qe4+ {[%mdl 64] Double Attack} 41. Ka1 Nc2+ 42. Rxc2 {[%mdl 64] Remove Defender} Qxc2) 38. a3 $17 Qa5 39. Bf5 $2 {[%mdl 8192]} (39. Qe3 $15 Nxd3 {[%mdl 64] Discovered Attack} 40. Qxd3 Rxc1+ 41. Rxc1 Rxc1+ 42. Kxc1 Qe1+ {[%mdl 64] Double Attack} 43. Qd1 Nb3+ 44. Kc2 Na1+ 45. Kc1 Nb3+ 46. Kc2 Na1+ 47. Kc1 Nb3+) 39... Nxf5 $19 40. gxf5 Nb3 $2 (40... Nd3 $19 41. Rxc7+ Rxc7) 41. Rxc7+ $17 Rxc7 42. Rd1 $2 {[#]} (42. Qe3 d4 43. Qe4+ Rc6 44. Ka2) 42... Qc5 $1 $19 {[%cal Rc5c2] ( -> ...Qc2+)} 43. Ka2 Qc4 {Black mates.} 44. Qf4 Nc1+ {[%mdl 64] Discovered Attack (Double check)} 45. Ka1 Qa2# {Accuracy: White = 50%, Black = 47%.} 0-1

[Event "IV Zicosur Open 2019"]
[Site "Antofagasta"]
[Date "2019.01.07"]
[Round "3"]
[White "Flores, Diego"]
[Black "Acosta, Pablo Ismael"]
[Result "0-1"]
[WhiteElo "2609"]
[BlackElo "2463"]
[Annotator "TA"]
[PlyCount "58"]
[EventDate "2019.01.05"]
[EventType "swiss"]
[EventCountry "CHI"]
[SourceTitle "playchess.com"]
[Source "ChessBase"]
[SourceQuality "1"]

{[%evp 18,58,33,16,21,14,33,32,26,1,0,0,0,0,0,-26,-20,-38,0,-39,-32,-39,-17,-526,-520,-512,-506,-493,-496,-533,-522,-644,-661,-635,-658,-646,-654,-735,-726,-855,-707,-719,-679]} 1. c4 e5 2. Nc3 d6 3. Nf3 Nc6 4. e3 g6 5. d4 Bg7 6. Be2 Nf6 7. dxe5 Nxe5 8. Nxe5 dxe5 9. Qxd8+ Kxd8 10. b3 {LiveBook: 18 Games. A25: English Opening vs King's Indian with ...Nc6 but without early d3} (10. e4 Be6 11. Be3 Kc8 12. O-O c6 13. h3 h5 14. Rad1 Bh6 15. Bxh6 Rxh6 16. h4 Kc7 17. g3 Rhh8 {½-½ (39) Le,Q (2728)-Duda,J (2737) Danzhou 2018}) 10... Be6 11. Ba3 Nd7 $146 ({Predecessor:} 11... Kc8 12. h3 Rd8 13. g4 Bf8 14. Bxf8 Rxf8 15. g5 Nd7 16. Bg4 Nc5 17. Ke2 a5 {½-½ (52) Kostenko,P (2435)-Makhnev,D (2409) Almaty 2018}) 12. O-O-O {White is slightly better.} f5 13. h3 Bf8 14. Bb2 c6 15. g4 Kc7 16. Rhg1 Be7 17. gxf5 gxf5 18. e4 Rhg8 19. exf5 Bxf5 {...Bg5+ is the strong threat.} 20. Bg4 $2 {[%mdl 8192]} (20. Rxg8 $11 {and White stays safe.} Rxg8 21. Bd3) 20... Bg5+ $19 {Black is clearly winning.} 21. Rd2 Bxd2+ 22. Kxd2 {[#]} h5 $1 23. Bxf5 {Hoping for Rg6.} (23. Bxh5 Rxg1) 23... Rxg1 24. Ne4 Rf8 25. Bxd7 Kxd7 26. Bxe5 Rh1 27. Ke3 Rxh3+ 28. Kd4 Rh4 29. f4 Rhxf4 {Accuracy: White = 23%, Black = 75%.} 0-1

[Event "IV Zicosur Open 2019"]
[Site "Antofagasta"]
[Date "2019.01.06"]
[Round "3"]
[White "Pichot, Alan"]
[Black "Lopez Silva, Hugo"]
[Result "1-0"]
[WhiteElo "2581"]
[BlackElo "2399"]
[Annotator "TA"]
[PlyCount "63"]
[EventDate "2019.01.05"]
[EventType "swiss"]
[EventCountry "CHI"]
[SourceTitle "playchess.com"]
[Source "ChessBase"]
[SourceQuality "1"]

{[%evp 34,63,72,70,72,81,86,87,95,93,93,72,95,75,97,80,157,159,163,168,146,140,140,129,234,231,419,409,592,572,622,601]} 1. Nf3 Nf6 2. c4 c5 3. Nc3 g6 4. d4 cxd4 5. Nxd4 Nc6 6. e4 d6 7. f3 Nxd4 8. Qxd4 Bg7 9. Be3 O-O 10. Qd2 Be6 11. Rc1 a5 12. b3 Nd7 13. Be2 Nc5 14. O-O Qb6 {B39: Sicilian: Maroczy Bind with 5...Bg7 and 7...Ng4} 15. Nd5 Bxd5 16. cxd5 Qb4 17. Rc2 Qxd2 18. Bxd2 {[#] LiveBook: 3 Games} Bd4+ $146 ({Predecessor:} 18... f5 19. exf5 Rxf5 20. Bc4 Bd4+ 21. Kh1 Kg7 22. Re1 Be5 {½-½ (69) Milliet,S (2369)-Vakhidov,J (2554) Telford 2016}) 19. Kh1 f5 20. exf5 Rxf5 21. Rd1 Bg7 22. Be3 Re5 23. Bf2 Rf5 24. g3 b5 (24... Rff8 $142) 25. Bxb5 $16 Rxf3 26. Bxc5 dxc5 {[#]} 27. d6 $1 {[%cal Bd5d6,Bd6d7][%mdl 32]} Rd8 28. Kg2 $36 {[%mdl 2048] Black is under strong pressure.} ({Of course not} 28. dxe7 $6 Rxd1+ 29. Kg2 Re3 $11) 28... Re3 (28... Rff8 $16 {was necessary.}) 29. d7 $18 Kf7 $2 (29... Re5 {keeps fighting.} 30. Rdc1 Kf8 31. Rxc5 Rxc5 32. Rxc5 e6) 30. Rxc5 e6 (30... Rc3 $142) 31. Rc8 Ke7 32. Rdc1 {Accuracy: White = 94%, Black = 36%.} 1-0

[Event "IV Zicosur Open 2019"]
[Site "Antofagasta"]
[Date "2019.01.06"]
[Round "3"]
[White "Martinez Alcantara, Jose Eduardo"]
[Black "Delgado Ramirez, Neuris"]
[Result "1-0"]
[WhiteElo "2541"]
[BlackElo "2623"]
[Annotator "TA"]
[PlyCount "67"]
[EventDate "2019.01.05"]
[EventType "swiss"]
[EventCountry "CHI"]
[SourceTitle "playchess.com"]
[Source "ChessBase"]
[SourceQuality "1"]

{[%evp 20,67,24,18,62,35,51,7,46,45,44,31,52,12,33,25,65,38,72,72,63,85,72,62,89,34,70,86,203,191,174,132,205,198,322,325,333,332,333,335,332,333,329,296,588,584,567,544,2310,2229]} 1. e4 c5 2. Nf3 Nc6 3. d4 cxd4 4. Nxd4 e5 5. Nb5 a6 6. Nd6+ Bxd6 7. Qxd6 Qe7 8. Qd1 Nf6 9. Nc3 d6 10. Be3 {B32: Sicilian: Löwenthal and Kalashnikov Variations} (10. Bg5 Be6 11. Nd5 Bxd5 12. exd5 Nb8 13. Qf3 Nbd7 14. O-O-O h6 15. Be3 h5 16. h3 O-O-O 17. Ba7 Nc5 {1-0 (80) Yu,Y (2759)-Li,C (2725) Ningbo 2018}) 10... Be6 11. Be2 {LiveBook: 6 Games} h6 12. O-O {White is slightly better.} Qc7 13. Qd2 $146 ({Predecessor:} 13. f4 exf4 14. Bxf4 Rd8 15. Qd3 Qb6+ 16. Kh1 Ne7 17. Rad1 Qxb2 18. Bxd6 Rxd6 19. Qxd6 {1-0 (39) Baghdasaryan,V (2414)-Harutjunyan,G (2458) Yerevan 2013}) 13... Ne7 14. f4 Rd8 15. Rad1 Rd7 16. Bf3 Bg4 17. Qf2 {Hoping for fxe5.} (17. Qe2 {with more complications.} Be6 18. Qf2 O-O 19. h3 exf4 20. Bxf4 Ng6 21. Be3) 17... Bxf3 18. Qxf3 Ng6 19. fxe5 dxe5 20. Rxd7 Qxd7 21. h3 Qc7 22. Kh1 (22. a3 $16) 22... b5 23. a3 Nh4 {[#]} (23... Kf8 $16) 24. Qf2 $1 $18 {[%cal Rf2h4]} Ng6 25. Bc5 {[%cal Be3c5,Bc5d6,Bd6e5,Be5g7][%mdl 32]} Nf4 (25... Ne7 $16 {was called for.}) 26. Rd1 Ne6 (26... Nd7 $142) 27. Bd6 Qb7 28. Bxe5 Nxe4 29. Nxe4 Qxe4 {[#]} 30. Bxg7 $1 {[%mdl 512]} Rg8 (30... Nxg7 31. Re1) 31. Re1 Qg6 $2 (31... Qc6 {is a better defense.}) 32. Bf6 {Strongly threatening g4.White is clearly winning.} Qg3 33. Qd2 {[%csl Gf6][%cal Rd2d8]} Qc7 34. Qd5 {Accuracy: White = 66%, Black = 24%.} 1-0

[Event "IV Zicosur Open 2019"]
[Site "Antofagasta"]
[Date "2019.01.07"]
[Round "3"]
[White "Vera Siguenas, Deivy"]
[Black "Bacallao Alonso, Yusnel"]
[Result "0-1"]
[WhiteElo "2483"]
[BlackElo "2583"]
[Annotator "TA"]
[PlyCount "76"]
[EventDate "2019.01.05"]
[EventType "swiss"]
[EventCountry "CHI"]
[SourceTitle "playchess.com"]
[Source "ChessBase"]
[SourceQuality "1"]

{[%evp 15,76,-17,-7,-5,-6,0,0,-6,6,0,0,0,0,-10,-8,-10,-11,-56,-62,-47,-51,-112,-124,-106,-129,-221,-102,-97,-108,-100,-114,-113,-138,-126,-108,-198,-198,-199,-199,-215,-228,-291,-276,-267,-280,-261,-271,-440,-421,-441,-479,-480,-485,-480,-472,-465,-459,-593,-602,-455,-230,-693,-660]} 1. e4 e5 {[%cal Be7e5,Be5d4][%mdl 32]} 2. Nf3 Nc6 3. Bc4 Nf6 4. d4 exd4 5. e5 Ng4 6. O-O Be7 {C56: Two Knights: 4 d4 exd4 5 0-0 Nxe4} 7. Bf4 (7. Re1 d6 8. exd6 Qxd6 9. b3 O-O 10. Ba3 Qd8 11. Bxe7 Nxe7 12. Qxd4 Qxd4 13. Nxd4 Nf5 14. Nxf5 Bxf5 {½-½ (108) Mamedov,R (2708)-Inarkiev,E (2684) Ankara 2018}) 7... f6 8. exf6 Nxf6 {LiveBook: 3 Games. The position is equal.} 9. Nxd4 Nxd4 10. Qxd4 d5 11. Bb3 O-O 12. Re1 $146 ({Predecessor:} 12. Nc3 c6 13. Rfe1 Bd6 14. Bxd6 Qxd6 {0-1 (40) Selezneva,E (1700)-Lokander,M (2369) St Petersburg 2015}) 12... c6 {[%cal Bc7c6,Bc6c5][%mdl 32]} 13. c4 Bb4 14. Bd2 c5 15. Qh4 {aiming for cxd5.} Qa5 16. Bxb4 Qxb4 {[%cal Rb4e1]} 17. Na3 Bf5 $40 {[%mdl 128] White needs to defend precisely.} 18. Qg3 (18. f3 $15) 18... d4 $1 $17 19. f3 Bg6 20. Rad1 {[#]} (20. Nb5 $17) 20... Rae8 (20... d3 $1 $19 {is more deadly. Threatens to win with ...a5.} 21. Re7 a5 22. Rxd3 Nh5) 21. Nb5 a5 {And now ...a4 would win.} 22. Nc7 a4 23. Nxe8 Nxe8 24. Bxa4 Qxa4 25. b3 (25. Qe5 $17) 25... Qxa2 $19 26. Qe5 Qxb3 27. Qxc5 d3 28. Qd5+ Kh8 29. Qc5 {[%cal Rc5f8] [#]} Rg8 $1 30. Qd4 Nf6 31. Rd2 $2 (31. h3 {was called for.}) 31... Qb4 32. Qb2 Qxc4 33. Qxb7 Qd4+ 34. Kh1 h6 35. Qb2 Qf4 36. Rdd1 Rc8 37. Qe5 Qh4 (37... Qc4 $142 38. Rg1 Kh7) 38. Kg1 $2 (38. Qg3 Qxg3 39. hxg3) 38... Rc2 {Accuracy: White = 40%, Black = 80%.} 0-1

[Event "IV Zicosur Open 2019"]
[Site "Antofagasta"]
[Date "2019.01.07"]
[Round "3"]
[White "Abarca Gonzalez, Nicolas"]
[Black "Cruz, Cristhian"]
[Result "0-1"]
[WhiteElo "2416"]
[BlackElo "2564"]
[Annotator "TA"]
[PlyCount "96"]
[EventDate "2019.01.05"]
[EventType "swiss"]
[EventCountry "CHI"]
[SourceTitle "playchess.com"]
[Source "ChessBase"]
[SourceQuality "1"]

{[%evp 24,96,5,15,37,35,44,50,52,39,49,49,65,13,23,7,6,10,21,0,10,0,0,-20,-16,-16,-19,-34,-33,-20,-8,-10,-13,-16,0,0,0,-19,-20,-19,0,-29,-9,-11,-18,-65,-79,-60,-62,-109,-87,-252,-252,-570,-519,-1164,-1121,-1375,-1369,-1315,-1119,-29976,-29977,-6299,-6299,-5222,-2314,-29991,-29990,-29998,-29995,-29995,-29996,-29996,-29996]} 1. e4 c5 2. Nf3 e6 3. d4 cxd4 4. Nxd4 Nf6 5. Nc3 d6 6. g3 Be7 7. Bg2 a6 8. O-O Bd7 9. Re1 Qc7 10. a4 Nc6 11. Nxc6 Bxc6 12. Bf4 {B47: Sicilian: Taimanov: 5 Nc3 Qc7 6 f4, 6 g3 and 6 Be2} O-O 13. a5 {[#] LiveBook: 9 Games} b5 $146 ({Predecessor:} 13... Rac8 14. Qe2 Nd7 15. Nd5 Bxd5 16. exd5 e5 17. Bd2 f5 18. Rac1 Bf6 19. Bh3 Be7 20. Kh1 Rce8 {1-0 (39) Khismatullin,D (2568)-Alekseev,E (2644) Tomsk 2006}) 14. axb6 $1 {White is slightly better.} Qxb6 15. Nd5 Bxd5 16. exd5 e5 17. Bc1 Nd7 18. b3 (18. Re3 $14) 18... f5 $11 19. Be3 Qb7 20. Ra4 {[%cal Ba1a4,Ba4c4,Bc4c6][%mdl 32]} Bf6 21. Rc4 e4 22. Rc6 Be5 $1 23. f4 exf3 $1 24. Qxf3 a5 25. Bf1 a4 26. bxa4 Rxa4 27. Bd3 g6 28. Bh6 Rf7 29. Kg2 Ra8 30. Bf4 Rd8 31. Bc4 Qb8 32. h4 Bxf4 33. Qxf4 Ne5 {[%cal Bd7e5,Be5g4,Bg4e3][%mdl 32]} 34. h5 Re8 $1 35. hxg6 hxg6 36. Qg5 Kg7 37. Rh1 $2 {[#]} (37. Qe3 $17) 37... Ng4 $1 $19 38. Qf4 $2 (38. Qd2 {is tougher.} Qb2 39. Re1 Rxe1 40. Qxe1) 38... Re4 39. Qc1 (39. Qxd6 $142 Qxd6 40. Rxd6 Rxc4 41. Rc6) 39... Ne3+ {[%mdl 64] Double Attack} 40. Kf3 Nxc4 41. Qh6+ Kf6 42. Rh5 Ne5+ 43. Kg2 Re2+ 44. Kf1 {[#]} Rf2+ $1 {[%mdl 512]} 45. Ke1 (45. Kxf2 Ng4+) 45... Qb4+ {Black mates.} 46. c3 Qe4+ 47. Kxf2 Ng4+ {[%mdl 64] Double Attack} 48. Kf1 Qf3+ {Accuracy: White = 41%, Black = 78%.} 0-1

[Event "IV Zicosur Open 2019"]
[Site "Antofagasta"]
[Date "2019.01.07"]
[Round "4"]
[White "Bacallao Alonso, Yusnel"]
[Black "Martinez Alcantara, Jose Eduardo"]
[Result "0-1"]
[WhiteElo "2583"]
[BlackElo "2541"]
[Annotator "TA"]
[PlyCount "78"]
[EventDate "2019.01.05"]
[EventType "swiss"]
[EventCountry "CHI"]
[SourceTitle "playchess.com"]
[Source "ChessBase"]
[SourceQuality "1"]

{[%evp 9,78,4,0,-2,9,8,20,5,16,-2,26,-16,0,-15,-9,-10,-1,-8,14,0,7,0,9,-14,-9,-25,-13,-16,-12,-11,-6,-10,-10,-77,-83,-80,-78,-76,-71,-70,-93,-119,-97,-193,-191,-244,-211,-252,-167,-155,-162,-193,-187,-183,-168,-166,-161,-162,-163,-205,-158,-163,-171,-191,-184,-257,-254,-257,-175,-223,-224]} 1. d4 Nf6 2. Nf3 e6 3. g3 b5 4. Bg5 (4. e3 b4 5. Bg2 Bb7 6. O-O c5 7. a3 a5 8. Nbd2 Na6 9. c4 bxc3 10. bxc3 Be7 11. Rb1 Bc6 {1-0 (77) Yu,Y (2750)-Jumabayev,R (2602) Ashkhabad 2017}) 4... Bb7 5. e3 a6 $146 ({Predecessor:} 5... c5 6. Nbd2 c4 7. Bg2 d5 8. Ne5 h6 9. Bxf6 gxf6 10. Nef3 Nd7 11. c3 Qc7 {½-½ (68) Garcia Palermo,C (2450)-Petkov,V (2477) Gallipoli 2017}) 6. Bg2 {A46: 1 d4 Nf6 2 Nf3 e6: Torre, London and Colle Systems} d5 7. a4 Nbd7 8. O-O {The position is equal.} Be7 9. Qe2 O-O 10. Nbd2 b4 11. c4 bxc3 12. bxc3 a5 13. Rfc1 Ba6 14. Qd1 c5 15. c4 Rc8 16. Bxf6 Nxf6 {[%cal Bd7f6,Bf6d5,Bd5c3][%mdl 32]} 17. Bf1 cxd4 18. Nxd4 Bb4 19. cxd5 Bxf1 20. Rxc8 Qxc8 21. Kxf1 (21. Rc1 $1 $11 {remains equal.} Qa8 22. Nxf1 Nxd5 23. Rc4) 21... Nxd5 $17 22. N2f3 Nc3 $36 {[%mdl 2048] Black is really pushing.} 23. Qc2 Qb7 {Threatens to win with ...e5!} 24. Kg1 Rc8 25. Qd3 h6 26. Ne1 {[#]} (26. Qc2 $17 {is a better defense.}) 26... Nxa4 $1 $19 {[%mdl 512]} 27. Qb3 (27. Nec2 $142 Nc5 28. Qd1) (27. Rxa4 Rc1) 27... Nc5 28. Qb1 Bc3 29. Qxb7 Nxb7 30. Rc1 {And now Nb5 would win.} Nd6 31. Ne2 Bxe1 32. Rxe1 {[%mdl 4096] Endgame KRN-KRN} a4 33. Ra1 Rc4 34. Rd1 Nb7 35. Rd7 Rb4 36. Rd3 e5 37. Rc3 (37. Ra3 {was worth a try.}) 37... Nd6 38. Rc6 Ne4 {Hoping for ...a3.} 39. Nc3 {[#]} a3 $1 {Accuracy: White = 32%, Black = 78%.} 0-1

[Event "IV Zicosur Open 2019"]
[Site "Antofagasta"]
[Date "2019.01.07"]
[Round "4"]
[White "Cruz, Cristhian"]
[Black "Gasic Merino, Franco"]
[Result "1-0"]
[WhiteElo "2564"]
[BlackElo "2166"]
[Annotator "TA"]
[PlyCount "93"]
[EventDate "2019.01.05"]
[EventType "swiss"]
[EventCountry "CHI"]
[SourceTitle "playchess.com"]
[Source "ChessBase"]
[SourceQuality "1"]

{[%evp 22,93,50,55,63,63,52,40,24,28,33,29,73,65,73,72,75,63,75,44,89,24,65,16,16,23,27,25,20,9,8,10,12,12,12,16,60,54,88,64,230,236,245,228,337,255,428,426,424,382,433,448,422,425,585,577,598,639,632,637,620,598,657,556,550,533,862,843,878,681,1150,1446,1838,1162]} 1. d4 Nf6 2. c4 g6 3. Nc3 Bg7 4. e4 d6 5. Nf3 O-O 6. h3 e5 7. d5 Nh5 8. g3 {E90: King's Indian: Classical: Early deviations and 6 h3} f5 (8... Na6 9. Be2 Nc5 10. b4 Nd7 11. Rb1 a5 12. a3 axb4 13. axb4 Qe7 14. Bg5 f6 15. Be3 f5 16. exf5 {½-½ (68) Akobian,V (2647)-Guseinov,G (2646) Riadh 2017}) 9. exf5 gxf5 10. Nh4 Nf4 11. Be3 Na6 12. Qd2 {LiveBook: 4 Games} Bd7 $146 ({Predecessor:} 12... Nc5 13. gxf4 Qxh4 14. Rg1 Kh8 15. Rxg7 Kxg7 16. fxe5 {1-0 (35) Szabo,G (2546)-Giannoulakis,L (2355) Achaea 2017}) 13. O-O-O Nc5 14. Nxf5 Bxf5 15. gxf4 exf4 16. Bd4 Bg6 17. h4 {[%cal Bh3h4,Bh4h5][%mdl 32] Threatens to win with h5.} Bxd4 18. Qxd4 {Black must now prevent h5.} Qf6 19. h5 Bf5 20. Rg1+ Kh8 21. Qxf6+ Rxf6 22. b4 Nd7 $1 23. Rd4 Ne5 {...Nf3 is the strong threat.} 24. Rxf4 Raf8 25. Kd2 Bd7 $1 $132 {[%mdl 2048] Black is fighting back} 26. Rxf6 Rxf6 27. Be2 Rxf2 28. Ke3 Rf8 29. c5 Re8 {[#]} 30. Kd4 $1 Bf5 $2 (30... c6 $14) 31. cxd6 $18 cxd6 {[#]} 32. Rf1 $1 {[%cal Rf1f5]} Bc2 (32... Bh3 $142) 33. Rf6 Re7 $2 (33... Kg7 34. Rxd6 Bf5) 34. Rxd6 Kg7 35. h6+ Kf7 36. Bh5+ {White is clearly winning.} Ng6 37. Rd8 Kf6 38. d6 Rf7 39. Ne4+ Bxe4 40. Kxe4 {[%mdl 4096] Endgame KRB-KRN} Rf8 41. Rd7 Ke6 42. Bg4+ Kf6 {If Black can now play ...Ne5 this consolidates a bit.} 43. Rxb7 a5 44. b5 Kg5 45. Bh3 Rf4+ 46. Ke3 Rh4 47. Bf1 {Accuracy: White = 83%, Black = 43%.} 1-0

[Event "IV Zicosur Open 2019"]
[Site "Antofagasta"]
[Date "2019.01.07"]
[Round "4"]
[White "Perez Ponsa, Federico"]
[Black "Pichot, Alan"]
[Result "1/2-1/2"]
[WhiteElo "2560"]
[BlackElo "2581"]
[Annotator "TA"]
[PlyCount "50"]
[EventDate "2019.01.05"]
[EventType "swiss"]
[EventCountry "CHI"]
[SourceTitle "playchess.com"]
[Source "ChessBase"]
[SourceQuality "1"]

{[%evp 17,50,-21,-4,-30,-30,-30,-30,-38,-22,-48,-17,-47,-7,-20,7,3,14,10,11,10,31,23,28,40,32,30,26,26,37,31,37,12,6,8,22]} 1. d4 d5 2. Bf4 Nf6 3. e3 c6 4. Nf3 Qb6 5. Qc1 Nh5 6. Bg5 {D02: 1 d4 d5 2 Nf3 sidelines, including 2...Nf6 3 g3 and 2...Nf6 3 Bf4} h6 7. Bh4 g5 8. Bg3 Nxg3 9. hxg3 Bg7 {LiveBook: 3 Games} 10. Bd3 c5 $146 ({Predecessor:} 10... Nd7 11. c3 e5 12. dxe5 Nxe5 13. Nxe5 Bxe5 {½-½ (53) Surjadnji,A (2420)-El Gindy,E (2485) Cairo 1998}) 11. c3 Nc6 12. Nbd2 {[%cal Bb1d2,Bd2b3,Bb3c5,Bc5d3][%mdl 32]} Bd7 13. Qc2 e6 (13... Rc8 $5 {[%cal Rc5d4]} 14. dxc5 Qxc5 $11) 14. Rd1 f5 15. Be2 $1 Bf6 16. Nb3 cxd4 17. exd4 O-O-O 18. Nc5 Kb8 19. Qb3 h5 20. Qxb6 axb6 21. Nd3 Rh7 22. Nfe5 Be8 23. Kd2 Kc7 24. Ke3 Kd6 {[%cal Rc6e5]} 25. f4 g4 {Precision: White = 67%, Black = 47%.} 1/2-1/2